LEADER 05047nam 22007935 450 001 9910483502903321 005 20251226200202.0 010 $a1-280-38917-6 010 $a9786613567093 010 $a3-642-15877-3 024 7 $a10.1007/978-3-642-15877-3 035 $a(CKB)2670000000045118 035 $a(SSID)ssj0000446488 035 $a(PQKBManifestationID)11282015 035 $a(PQKBTitleCode)TC0000446488 035 $a(PQKBWorkID)10506319 035 $a(PQKB)10118506 035 $a(DE-He213)978-3-642-15877-3 035 $a(MiAaPQ)EBC3065878 035 $a(PPN)149024746 035 $a(BIP)32232601 035 $a(EXLCZ)992670000000045118 100 $a20100917d2010 u| 0 101 0 $aeng 135 $aurnn#008mamaa 181 $ctxt 182 $cc 183 $acr 200 10$aFuture Internet - FIS 2010 $eThird Future Internet Symposium, Berlin, Germany, September 20-22, 2010. Proceedings /$fedited by Arne J. Berre, Asunción Gómez-Pérez, Kurt Tutschku 205 $a1st ed. 2010. 210 1$aBerlin, Heidelberg :$cSpringer Berlin Heidelberg :$cImprint: Springer,$d2010. 215 $a1 online resource (XII, 157 p. 45 illus.) 225 1 $aComputer Communication Networks and Telecommunications,$x2945-9184 ;$v6369 300 $aBibliographic Level Mode of Issuance: Monograph 311 08$a3-642-15876-5 320 $aIncludes bibliographical references and index. 327 $aGerman-Lab Experimental Facility -- Design and Evaluation of a Socket Emulator for Publish/Subscribe Networks -- Publish/Subscribe on Top of DHT Using RETE Algorithm -- Experimental Testing in the Future Internet PERIMETER Project -- An Economic Case for End System Multicast -- Towards a Secure Rendezvous Network for Future Publish/Subscribe Architectures -- Mobile Botnet Detection Using Network Forensics -- Towards Linked Open Services and Processes -- Energy Consumption Information Services for Smart Home Inhabitants -- Knowledge Management in Sensor Enabled Online Services -- Managing On-Demand Business Applications with Hierarchical Service Level Agreements -- Controlling Access to RDF Graphs -- An Authoring Tool for User Generated Mobile Services -- A Provenance-Based Compliance Framework -- Network Virtualization - Opportunities and Challenges for Operators -- Cloud Computing and the Impact on Enterprise IT. 330 $aThe current Internet has undergone an essential transformation: it has changed from a network of networks that enables access to remote machines by a cons- tentprotocolsuite(TCP/IP),toanetworkofcontent,applications,andservices. Thus, it has become a modern commodity for everyone. The Future Internet(FI) is destinedtocontinue this developmentandto p- videimprovedfeaturesandusabilityforindividualsandbusiness.Itsapplications are expected to originate from areas such as entertainment, health, energy grid, utilities and the environment, transport, mobility, and logistics. Tight economic constraints, however, require the Future Internet to consolidate and converge application-speci'c networks and support for the Internet of Services (IoS), the Internet of Things (IoT), and the Internet of Content (IoC) in a homogenous and, if possible, a single system. A simple investigation of network performance requirements of the ant- ipated FI applications reveals a set of contrary needs that have challenged research on network architectures and protocols for decades. Only a few - plications have been successful, e.g., P2P systems, which can adapt easily to heterogeneousenvironments.Similarly, semantic technologyhas providedme- ingful relationships of content, but has failed when it has come to manageability and performance in universal and heterogeneous network systems. 410 0$aComputer Communication Networks and Telecommunications,$x2945-9184 ;$v6369 606 $aComputer networks 606 $aDatabase management 606 $aApplication software 606 $aInformation storage and retrieval systems 606 $aElectronic data processing$xManagement 606 $aComputer Communication Networks 606 $aDatabase Management 606 $aComputer and Information Systems Applications 606 $aInformation Storage and Retrieval 606 $aIT Operations 615 0$aComputer networks. 615 0$aDatabase management. 615 0$aApplication software. 615 0$aInformation storage and retrieval systems. 615 0$aElectronic data processing$xManagement. 615 14$aComputer Communication Networks. 615 24$aDatabase Management. 615 24$aComputer and Information Systems Applications. 615 24$aInformation Storage and Retrieval. 615 24$aIT Operations. 676 $a004.67/8 701 $aBerre$b Arne J$01237370 712 12$aFuture Internet Symposium. 801 0$bMiAaPQ 801 1$bMiAaPQ 801 2$bMiAaPQ 906 $aBOOK 912 $a9910483502903321 996 $aFuture internet-- FIS 2010$94193309 997 $aUNINA